Welcome to the Holygrace Academy Library

Please use search bar below to get started

ALTERNATIVES TO HOMEWORK (Record no. 8452)

MARC details
000 -LEADER
fixed length control field 00154nam a22000857a 4500
082 ## - DEWEY DECIMAL CLASSIFICATION NUMBER
Classification number 001
100 ## - MAIN ENTRY--AUTHOR NAME
Personal name CBSE
245 ## - TITLE STATEMENT
Title ALTERNATIVES TO HOMEWORK
942 ## - ADDED ENTRY ELEMENTS (KOHA)
Koha item type Books
Holdings
Withdrawn status Lost status Collection code Home library Current library Date acquired Full call number Accession Number Koha item type
Withdrawn Damaged Item Fiction Main Library Main Library 22/09/2015 001 09556 Books